LIBRARY & INFORMATION CENTRE, KCAET, TAVANUR

ONLINE PUBLIC ACCESS CATALOGUE (OPAC)

Design and placing of high quality concrete (Record no. 1735)

MARC details
000 -LEADER
fixed length control field 00394cam a2200157ua 4500
003 - CONTROL NUMBER IDENTIFIER
control field OSt
008 - FIXED-LENGTH DATA ELEMENTS--GENERAL INFORMATION
fixed length control field 250628b |||||||| |||| 00| 0 eng d
041 ## - LANGUAGE CODE
Language code of text/sound track or separate title eng
082 ## - DEWEY DECIMAL CLASSIFICATION NUMBER
Classification number 624.1834
Item number STE/DE
100 ## - MAIN ENTRY--AUTHOR NAME
Personal name Stewart, D A .
245 ## - TITLE STATEMENT
Title Design and placing of high quality concrete
250 ## - EDITION STATEMENT
Edition statement 2 /
260 ## - PUBLICATION, DISTRIBUTION, ETC. (IMPRINT)
Place of publication :
Name of publisher E & F.N Spoon Ltd ,
Year of publication 1962.
300 ## - PHYSICAL DESCRIPTION
Number of Pages 162 :
Other physical details ` ; .
942 ## - ADDED ENTRY ELEMENTS (KOHA)
Koha item type Books
Holdings
Withdrawn status Lost status Damaged status Home library Current library Date acquired Full call number Accession Number Koha item type
      KAUAET KAUAET 07/04/2012 624.1834 STE/DE 3526 Books
free website counter